书目信息 |
| 题名: |
汽车检测与故障诊断技术
|
|
| 作者: | 李玉柱 主编 | |
| 分册: | ||
| 出版信息: | 北京 冶金工业出版社 2009 |
|
| 页数: | 168页 | |
| 开本: | 26cm | |
| 丛书名: | ||
| 单 册: | ||
| 中图分类: | U472.9 | |
| 科图分类: | ||
| 主题词: | 汽车--故障诊断--高等教育--教材 , 汽车 | |
| 电子资源: | ||
| ISBN: | 978-7-5024-5006-9 | |
| 000 | 00859nam0 2200253 450 | |
| 001 | 012015000325 | |
| 005 | 20150911083202.85 | |
| 010 | @a978-7-5024-5006-9@dCNY25.00 | |
| 100 | @a20091022d2009 em y0chiy50 ea | |
| 101 | 0 | @achi |
| 102 | @aCN@b110000 | |
| 105 | @aa z 000yy | |
| 106 | @ar | |
| 200 | 1 | @a汽车检测与故障诊断技术@Aqi che jian ce yu gu zhang zhen duan ji shu@f李玉柱主编 |
| 210 | @a北京@c冶金工业出版社@d2009 | |
| 215 | @a168页@c图@d26cm | |
| 300 | @a高职高专“十一五”规划教材·汽车类 | |
| 330 | @a本书共分4章,主要内容包括:概述、汽车发动机的检测与故障诊断、汽车底盘的检测与故障诊断及整车的检测与故障诊断,每章后附有思考题。 | |
| 606 | 0 | @a汽车@x故障诊断@x高等教育@j教材 |
| 606 | 0 | @a汽车 |
| 690 | @aU472.9@v5 | |
| 701 | 0 | @a李玉柱@Ali yu zhu@f(1966~)@4主编 |
| 801 | 0 | @aCN@b碧洲教育@c20150716 |
| 905 | @a10447@f4@dU472.9@e267 | |
| 汽车检测与故障诊断技术/李玉柱主编.-北京:冶金工业出版社,2009 |
| 168页:图;26cm |
| 高职高专“十一五”规划教材·汽车类 |
| ISBN 978-7-5024-5006-9:CNY25.00 |
| 本书共分4章,主要内容包括:概述、汽车发动机的检测与故障诊断、汽车底盘的检测与故障诊断及整车的检测与故障诊断,每章后附有思考题。 |
| ● |
| 相关链接 |
|
|
|
|
正题名:汽车检测与故障诊断技术
索取号:U472.9/267
 
预约/预借
| 序号 | 登录号 | 条形码 | 馆藏地/架位号 | 状态 | 备注 |
| 1 | 0849741 | 208497410 | 第二样本阅览室/ [索取号:U472.9/267] | 在馆 | |
| 2 | 0849742 | 208497429 | 第三借阅区/ [索取号:U472.9/267] | 在馆 | |
| 3 | 0849743 | 208497438 | 第三借阅区/ [索取号:U472.9/267] | 在馆 | |
| 4 | 0849744 | 208497447 | 密集书库-物理学院/ [索取号:U472.9/267] | 在馆 |